| 000 | 01335cam a2200241 4500 | ||
|---|---|---|---|
| 001 | ABS67098 | ||
| 008 | 030930n2003 000 0 eng u | ||
| 035 | _a(Sirsi) u123753 | ||
| 100 | _aRidout, P. | ||
| 245 | _aClass C2 is in need of a cure | ||
| 260 | _c2003 | ||
| 490 |
_aEstates Gazette _v(0333) 16 August 2003, 57(1) |
||
| 520 | _aExamines the need to revise Class C2 of the Town and Country Planning (Use Classes) Order 1987 (UCO) in the light of the definitions adopted in the Care Standards Act 2000 (CSA) that came into force on 1 April 2002. The definitions do not match the categories of use contained in the UCO. Concludes that a review of the UCO would provide an ideal opportunity to consider whether care uses should be reclassified into legally or operationally recognisable categories or whether they should be separated out from C2 altogether. Argues that the CSA's focus on use by reference to user-need is not the correct approach for planning purposes and that more building-user descriptions are required. | ||
| 590 | _aABS | ||
| 650 | _aCARE HOMES | ||
| 650 | _aUSE CLASSES | ||
| 650 | _aRESIDENTIAL CARE | ||
| 650 | _aCARE STANDARDS ACT 2000 | ||
| 650 | _aTOWN AND COUNTRY PLANNING (USE CLASSES) ORDER 1987 | ||
| 690 |
_aPlanning and development _96259 |
||
| 700 | _aCastorina, G. | ||
| 942 | _n0 | ||
| 999 |
_c73483 _d73483 |
||